[Event "Accelerated dragon assault!"]
[Site "SchemingMind.com"]
[Date "2008.03.13"]
[Round "-"]
[White "Jimsin"]
[Black "SLAINTIE MHATH"]
[Result "0-1"]
[WhiteCountry "GBR"]
[BlackCountry "POL"]
[WhiteElo "1435"]
[WhiteRD "97"]
[BlackElo "1655"]
[BlackRD "50"]
[GameID "145725"]

1. e4 c5 2. Nf3 Nc6 3. d4 cxd4 4. Nxd4 g6 5. Nc3 Bg7 6. Be3 a6 7. Nxc6 bxc6 8. Bc4 Nh6 9. Qf3 O-O 10. O-O-O Bxc3
11. bxc3 Kg7 12. g4 d6 13. h3 Qa5 14. g5 Ng8 15. Rd3 Be6 16. Bd4+ f6 17. Bxe6 c5 18. gxf6+ Nxf6 19. Bxf6+ Rxf6 20. Qg4 Rxf2
21. h4 Qa3+ 22. Kb1 Rb8+ 23. Bb3 c4 24. h5 cxb3 25. axb3 Rxb3+ 26. cxb3 Qb2#
0-1

[Event "Accelerated dragon assault!"]
[Site "SchemingMind.com"]
[Date "2008.03.13"]
[Round "-"]
[White "keen"]
[Black "Jimsin"]
[Result "1-0"]
[WhiteCountry "SCO"]
[BlackCountry "GBR"]
[WhiteElo "1820"]
[WhiteRD "54"]
[BlackElo "1435"]
[BlackRD "97"]
[GameID "145726"]

1. e4 c5 2. Nf3 Nc6 3. d4 cxd4 4. Nxd4 g6 5. Nc3 e5 6. Nf3 Bb4 7. Be2 Nf6 8. Bg5 h6 9. Bh4 g5 10. Bg3 d6
11. Qd3 d5 12. O-O-O d4 13. Bxe5 dxc3 14. Qxd8+ Nxd8 15. Bxf6 cxb2+ 16. Kxb2 O-O 17. Bxd8 Be6 18. Bf6 Rac8 19. a3 Ba5 20. h4 g4
21. Ne5 h5 22. Nd3 Bc4 23. Nf4 Bxe2 24. Nxe2 Rfe8 25. f3 Re6 26. e5 Rb6+ 27. Kc1 Rb3 28. fxg4 Rxa3 29. e6 fxe6 30. gxh5 b5
31. h6 Kh7 32. Bg7 b4 33. Kb2 Rb8 34. Ra1 Rxa1 35. Rxa1 Bb6 36. Rd1 a5 37. Rd6 e5 38. Bxe5 a4 39. Rd7+ Kxh6 40. Bxb8 a3+
41. Kb3
1-0

[Event "Accelerated dragon assault!"]
[Site "SchemingMind.com"]
[Date "2008.03.16"]
[Round "-"]
[White "Dr_Pat"]
[Black "Jimsin"]
[Result "1-0"]
[WhiteCountry "USA"]
[BlackCountry "GBR"]
[WhiteElo "1929"]
[WhiteRD "48"]
[BlackElo "1435"]
[BlackRD "97"]
[GameID "145727"]

1. e4 c5 2. Nf3 Nc6 3. d4 cxd4 4. Nxd4 g6 5. Nc3 Bg7 6. Be3 e5 7. Ndb5 Bf8 8. Nd5 Bb4+ 9. Nxb4 Nxb4 10. Bc5 Qa5
11. c3 Na6 12. b4 Qd8 13. Nd6+ Kf8 14. Nxb7+ d6 15. Nxd8 dxc5 16. Qd5 Rb8 17. Qxf7#
1-0

[Event "Accelerated dragon assault!"]
[Site "SchemingMind.com"]
[Date "2008.03.17"]
[Round "-"]
[White "BlueMooner"]
[Black "Jimsin"]
[Result "1-0"]
[WhiteCountry "ENG"]
[BlackCountry "GBR"]
[WhiteElo "1850"]
[WhiteRD "86"]
[BlackElo "1435"]
[BlackRD "97"]
[GameID "145728"]

1. e4 c5 2. Nf3 Nc6 3. d4 cxd4 4. Nxd4 g6 5. c4 Bg7 6. Be3 Qa5+ 7. Nc3 e5 8. Nb3 Qc7 9. Nd5 Qd6 10. Bc5 Qb8
11. Nf6+ Kd8 12. Bd6 Qxd6 13. Qxd6 Nxf6 14. f3 Nd4 15. Nxd4 exd4 16. Qxd4 Re8 17. Bd3 b6 18. O-O-O Re6 19. Rhe1 Ne8 20. Qd5 Nc7
21. Qg5+ f6 22. Qh4 h6 23. e5 g5 24. Qg4 Rxe5 25. Rxe5 fxe5 26. Bf5
1-0

[Event "Accelerated dragon assault!"]
[Site "SchemingMind.com"]
[Date "2008.03.13"]
[Round "-"]
[White "1tamad"]
[Black "Jimsin"]
[Result "1-0"]
[WhiteCountry "USA"]
[BlackCountry "GBR"]
[WhiteElo "1749"]
[WhiteRD "66"]
[BlackElo "1435"]
[BlackRD "97"]
[GameID "145729"]

1. e4 c5 2. Nf3 Nc6 3. d4 cxd4 4. Nxd4 g6 5. Nc3 e5 6. Nb3 Bb4 7. Bd2 Nd4 8. Nxd4 exd4 9. Nd5 Bxd2+ 10. Qxd2 Ne7
11. Qxd4 O-O 12. Nf6+ Kg7 13. Nh5+ Kh6 14. Qe3+ g5 15. h4 Nc6 16. hxg5+ Kg6 17. f4 Qa5+ 18. c3 d6 19. f5+ Qxf5 20. exf5+ Bxf5
21. Nf4+ Kg7 22. O-O-O Rad8 23. Bd3 Bg4 24. Rxh7+ Kg8 25. Rdh1 Rde8 26. Rh8+ Kg7 27. R1h7#
1-0

[Event "Accelerated dragon assault!"]
[Site "SchemingMind.com"]
[Date "2008.03.13"]
[Round "-"]
[White "Clive Everill"]
[Black "Jimsin"]
[Result "1-0"]
[WhiteCountry "CZE"]
[BlackCountry "GBR"]
[WhiteElo "1684"]
[WhiteRD "50"]
[BlackElo "1435"]
[BlackRD "97"]
[GameID "145730"]

1. e4 c5 2. Nf3 Nc6 3. d4 cxd4 4. Nxd4 g6 5. Bc4 e5 6. Nf3 Bg7 7. O-O Nf6 8. Bg5 O-O 9. Nc3 h6 10. Be3 d6
11. h3 Be6 12. Bb5 a6 13. Bd3 d5 14. exd5 Nxd5 15. Nxd5 Qxd5 16. c4 Qd7 17. Kh2 Rad8 18. Be2 e4 19. Nd2 Bxb2 20. Rb1 Be5+
21. Kg1 f5 22. f4 Bd4 23. Bxd4 Nxd4 24. Nb3 b5 25. Nc5 Nxe2+ 26. Qxe2 Qd4+ 27. Qf2 Bxc4 28. Qxd4 Rxd4 29. Rfe1 Bxa2 30. Ra1 Rd2
31. Nxa6 g5 32. Nb4 Bc4 33. fxg5 hxg5 34. Ra6 Kg7 35. Ra7+ Rf7 36. Raa1 Bd3 37. Nd5 f4 38. Nc3 Re7 39. Nd5 Re5 40. Ra7+ Kg6
41. Ra6+ Kh5 42. Nf6+ Kh4 43. Ra8 Rxg2+ 44. Kxg2 f3+ 45. Kf2 g4 46. Rh8+ Kg5 47. Nxg4 Be2 48. Nxe5
1-0

[Event "Accelerated dragon assault!"]
[Site "SchemingMind.com"]
[Date "2008.03.12"]
[Round "-"]
[White "lemmie"]
[Black "Jimsin"]
[Result "1-0"]
[WhiteCountry "NED"]
[BlackCountry "GBR"]
[WhiteElo "1768"]
[WhiteRD "55"]
[BlackElo "1557"]
[BlackRD "150"]
[GameID "145731"]

1. e4 c5 2. Nf3 Nc6 3. d4 cxd4 4. Nxd4 g6 5. Nc3 e5 6. Ndb5 a6 7. Nd6+ Bxd6 8. Qxd6 Nge7 9. Bg5 O-O 10. Nd5 Qa5+
11. b4 Nf5 12. exf5 Qa3 13. Bh6 Re8 14. Qf6
1-0

[Event "Accelerated dragon assault!"]
[Site "SchemingMind.com"]
[Date "2008.03.13"]
[Round "-"]
[White "TRFz"]
[Black "Jimsin"]
[Result "1-0"]
[WhiteCountry "GBR"]
[BlackCountry "GBR"]
[WhiteElo "2049"]
[WhiteRD "54"]
[BlackElo "1557"]
[BlackRD "150"]
[GameID "145732"]

1. e4 c5 2. Nf3 Nc6 3. d4 cxd4 4. Nxd4 g6 5. Nc3 e5 6. Ndb5 a6 7. Nd6+ Bxd6 8. Qxd6 Nd4 9. Qxe5+ Ne6 10. Qxh8 Kf8
11. Bh6+ Ke7 12. Nd5+
1-0

[Event "Accelerated dragon assault!"]
[Site "SchemingMind.com"]
[Date "2008.03.13"]
[Round "-"]
[White "SLAINTIE MHATH"]
[Black "Jimsin"]
[Result "1-0"]
[WhiteCountry "POL"]
[BlackCountry "GBR"]
[WhiteElo "1655"]
[WhiteRD "50"]
[BlackElo "1435"]
[BlackRD "97"]
[GameID "145733"]

1. e4 c5 2. Nf3 Nc6 3. d4 cxd4 4. Nxd4 g6 5. Bb5 e5 6. Nxc6 bxc6 7. Bc4 Qa5+ 8. c3 Nf6 9. Qf3 Bg7 10. Bg5 Ke7
11. O-O h6 12. Bh4 g5 13. Bg3 h5 14. b4 Qc7 15. h3 g4 16. hxg4 hxg4 17. Qd3 d6 18. Na3 Qb6 19. Bb3 Ba6 20. c4 Qxb4
21. Nc2 Qc5 22. Ne3 Rh5 23. Nf5+ Kf8 24. Qxd6+ Qxd6 25. Nxd6 Ke7 26. Nf5+ Kf8 27. Rfe1 Bc8 28. Bxe5 Bxf5 29. exf5 Rxf5 30. Rad1 Nh5
31. Bxg7+ Kxg7 32. g3 Nf6 33. Rd6 c5 34. Bc2 Rh5 35. Be4 Rah8 36. Bd5 Rh1+ 37. Bxh1
1-0

[Event "Accelerated dragon assault!"]
[Site "SchemingMind.com"]
[Date "2008.03.12"]
[Round "-"]
[White "dcon"]
[Black "keen"]
[Result "1-0"]
[WhiteCountry "RSA"]
[BlackCountry "SCO"]
[WhiteElo "2079"]
[WhiteRD "61"]
[BlackElo "1708"]
[BlackRD "61"]
[GameID "145799"]

1. e4 c5 2. Nf3 Nc6 3. d4 cxd4 4. Nxd4 g6 5. Nc3 Bg7 6. Be3 Nf6 7. Bc4 O-O 8. Bb3 d6 9. Nxc6 bxc6 10. O-O a5
11. Ba4 Qc7 12. a3 Ba6 13. Re1 Rab8 14. Bb3 e6 15. Bf4 Rfd8 16. e5 dxe5 17. Bxe5 Rxd1 18. Bxc7 Rxa1 19. Rxa1 Rb7 20. Bxa5 Nd5
21. Nxd5 exd5 22. Rb1 Re7 23. Ba4 c5 24. b4 cxb4 25. axb4 Bc4 26. Bb6 d4 27. Bc5 Re2 28. b5 d3 29. cxd3 Bxd3 30. Rd1 Be5
31. f4
1-0

[Event "Accelerated dragon assault!"]
[Site "SchemingMind.com"]
[Date "2008.03.17"]
[Round "-"]
[White "dcon"]
[Black "Dr_Pat"]
[Result "1-0"]
[WhiteCountry "RSA"]
[BlackCountry "USA"]
[WhiteElo "2202"]
[WhiteRD "62"]
[BlackElo "1992"]
[BlackRD "50"]
[GameID "145800"]

1. e4 c5 2. Nf3 Nc6 3. d4 cxd4 4. Nxd4 g6 5. Nc3 Bg7 6. Bc4 Bxd4 7. Nb5 Be5 8. O-O d6 9. Qf3 Nf6 10. c3 a6
11. Na3 b5 12. Bd5 Qc7 13. Bh6 Rg8 14. Bg5 Rb8 15. Nc2 h6 16. Bd2 g5 17. Qd3 Na5 18. Nb4 e6 19. Bb3 Nc4 20. Bc1 a5
21. Nc2 a4 22. Bxc4 bxc4 23. Qe2 Bb7 24. f3 d5 25. exd5 Bxh2+ 26. Kh1
1-0

[Event "Accelerated dragon assault!"]
[Site "SchemingMind.com"]
[Date "2008.03.16"]
[Round "-"]
[White "dcon"]
[Black "BlueMooner"]
[Result "1-0"]
[WhiteCountry "RSA"]
[BlackCountry "ENG"]
[WhiteElo "2234"]
[WhiteRD "63"]
[BlackElo "1856"]
[BlackRD "77"]
[GameID "145801"]

1. e4 c5 2. Nf3 Nc6 3. d4 cxd4 4. Nxd4 g6 5. Nc3 Bg7 6. Be3 Nf6 7. Bc4 O-O 8. Bb3 a5 9. a4 Ng4 10. Nxc6 Nxe3
11. Nxd8 Nxd1 12. Nd5 Rxd8 13. Rxd1 Bxb2 14. Nxe7+ Kf8 15. Nd5 Ra6 16. c3 Rc6 17. Kd2 Re8 18. f3 f5 19. Rb1 Ba3 20. exf5 gxf5
21. Rbe1 Rxe1 22. Rxe1 Re6 23. g4 Rxe1 24. Kxe1 b6 25. Nxb6 Bb7 26. Nxd7+ Ke7 27. Nb6 fxg4 28. fxg4 Bd6 29. h3 Be5 30. Kd2 Bg2
31. h4 Bg3 32. Bc2 h6 33. Nc4 Bxh4 34. Nxa5 Bf3 35. Bf5 Bg5+ 36. Kd3 Bd1 37. c4 Kd6 38. Nb7+ Kc7 39. Nc5 Kc6 40. Ne6 Bxa4
41. Nxg5 hxg5 42. Kd4 Kd6 43. c5+ Kc7 44. Kc4 Bc6= 45. Kd4 Bf3 46. Ke5 Kc6 47. Be4+ Bxe4 48. Kxe4
1-0

[Event "Accelerated dragon assault!"]
[Site "SchemingMind.com"]
[Date "2008.03.12"]
[Round "-"]
[White "dcon"]
[Black "Clive Everill"]
[Result "1-0"]
[WhiteCountry "RSA"]
[BlackCountry "CZE"]
[WhiteElo "2079"]
[WhiteRD "61"]
[BlackElo "1680"]
[BlackRD "52"]
[GameID "145803"]

1. e4 c5 2. Nf3 Nc6 3. d4 cxd4 4. Nxd4 g6 5. Nc3 Bg7 6. Be3 Nf6 7. Bc4 O-O 8. Bb3 d6 9. h3 Bd7 10. Qd2 Nxd4
11. Bxd4 b6 12. O-O-O e5 13. Be3 a5 14. Qxd6 Re8 15. Bxb6 Qc8 16. Nd5 Nxd5 17. Bxd5 Be6 18. Bxa8 Qxa8 19. Qd8 Bh6+ 20. Kb1 Kg7
21. Qxa8 Rxa8 22. a4 Kf6 23. Rd8 Ra6 24. Rd6 Bf8 25. Bd8+ Be7 26. Bxe7+ Kxe7 27. Rxa6
1-0

[Event "Accelerated dragon assault!"]
[Site "SchemingMind.com"]
[Date "2008.03.12"]
[Round "-"]
[White "dcon"]
[Black "lemmie"]
[Result "0-1"]
[WhiteCountry "RSA"]
[BlackCountry "NED"]
[WhiteElo "2082"]
[WhiteRD "63"]
[BlackElo "1749"]
[BlackRD "56"]
[GameID "145804"]

1. e4 c5 2. Nf3 Nc6 3. d4 cxd4 4. Nxd4 g6 5. Nc3 Bg7 6. Bf4 Nxd4 7. Be3 Nc6 8. Bc4 Bxc3+ 9. bxc3 Nf6 10. Bd5 d6
11. Bxc6+ bxc6 12. O-O Nxe4 13. Qd4 Nf6 14. Rfe1 Be6 15. Bh6 Rg8 16. Bg5 Nd7 17. Qh4 h5 18. Rad1 a5 19. Rxd6 Qc7 20. Rdd1 Nb6
21. c4 Nc8 22. Bf4 Qb7 23. Qg3 Nb6 24. Rb1 Qa6 25. Bg5 Nxc4 26. Qc7 Kf8 27. Rxe6 Kg7 28. Rxg6+ Kxg6 29. Qxe7 c5 30. Bf4 Rg7
31. Qg5+ Kh7 32. Qxh5+ Kg8 33. Qxc5 Qg6 34. Qd5 Rc8 35. g3 Qxc2 36. Rc1 Qe2 37. h4 Rg6 38. h5 Re6 39. Qg5+ Kh8 40. Be3 Rce8
41. Bd4+ Ne5 42. a4 Kh7 43. Qf5+ Kg8 44. Kg2 Qd2 45. Be3 Qd5+ 46. Kh3 Qd7 47. Rc5 Qxa4 48. f4 Nc6 49. Qg5+ Kh7 50. Qf5+ Kg7
51. Bd2 Kf8 52. Bc3 Qd1 53. Qh7 Ke7 54. Rf5 Rf8 55. Bg7 Rb8 56. Bc3 Qh1+ 57. Kg4 Nd8 58. Rxa5 Qd1+ 59. Kh4 Qf3 60. Ra7+ Rb7
61. Bb4+ Kd7 62. Rxb7+ Qxb7 63. Qd3+ Ke8 64. Bc3 Qe7+ 65. Kg4 Rd6 66. Qf5 Rc6 67. Bg7 Qe2+ 68. Kh3 Qf2 69. Qe4+ Re6 70. Qa4+ Ke7
71. Qa3+ Kd7 72. Qd3+ Rd6 73. Qf5+ Re6 74. h6 Qf1+ 75. Kh4 Qh1+ 76. Kg4 f6 77. Qb5+ Rc6 78. Qh5 Qd1+ 79. Kh4 Qd3 80. Kg4 Ke7
81. h7 Nf7 82. Qxf7+ Kxf7 83. h8=Q Qd1+ 84. Kh4 Qh1+ 85. Kg4 f5+
0-1

[Event "Accelerated dragon assault!"]
[Site "SchemingMind.com"]
[Date "2008.03.12"]
[Round "-"]
[White "dcon"]
[Black "SLAINTIE MHATH"]
[Result "1-0"]
[WhiteCountry "RSA"]
[BlackCountry "POL"]
[WhiteElo "2079"]
[WhiteRD "61"]
[BlackElo "1591"]
[BlackRD "45"]
[GameID "145806"]

1. e4 c5 2. Nf3 Nc6 3. d4 cxd4 4. Nxd4 g6 5. Nc3 Bg7 6. Bf4 Bxd4 7. Nb5 Be5 8. Bxe5 Nxe5 9. Qd4 Qa5+ 10. b4 Qa4
11. Nc7+ Kf8 12. Nxa8 f6 13. Qc3 Qc6 14. Qxc6 dxc6 15. Rd1 Nd7 16. Nc7 Nh6 17. Bc4 Nf7 18. Be6 Nfe5 19. f4 Nc5 20. Bxc8 Nc4
21. Rd8+ Kg7 22. Ne6+ Nxe6 23. Rxh8 Kxh8 24. Bxe6 Ne3 25. Ke2 Nxc2 26. Rd1 Nxb4 27. Rd8+ Kg7 28. Re8 c5 29. Rxe7+ Kf8 30. Rxb7 a6
31. Rxh7 Nc6 32. Rf7+ Ke8 33. Rxf6 Ke7 34. Rxg6 Nd4+ 35. Kd3 Nxe6 36. Rxe6+ Kxe6 37. Kc4 Kd6 38. h4
1-0

[Event "Accelerated dragon assault!"]
[Site "SchemingMind.com"]
[Date "2008.03.13"]
[Round "-"]
[White "dcon"]
[Black "Jimsin"]
[Result "1-0"]
[WhiteCountry "RSA"]
[BlackCountry "GBR"]
[WhiteElo "2082"]
[WhiteRD "63"]
[BlackElo "1545"]
[BlackRD "149"]
[GameID "145807"]

1. e4 c5 2. Nf3 Nc6 3. d4 cxd4 4. Nxd4 g6 5. Nc3 e5 6. Ndb5 a6 7. Nd6+ Bxd6 8. Qxd6 Nge7 9. Bg5 h6 10. Bf6 Rh7
11. Nd5 Kf8 12. O-O-O Qe8 13. Nc7 Qd8 14. Nxa8 g5 15. Nc7 h5 16. Nd5 g4 17. Nxe7 Nxe7 18. Bc4 Ke8 19. Rd5 Rh6 20. Rxe5 Rxf6
21. Qxf6 d6 22. Bxf7+ Kd7 23. Rd1
1-0

[Event "Accelerated dragon assault!"]
[Site "SchemingMind.com"]
[Date "2008.03.13"]
[Round "-"]
[White "keen"]
[Black "dcon"]
[Result "0-1"]
[WhiteCountry "SCO"]
[BlackCountry "RSA"]
[WhiteElo "1708"]
[WhiteRD "61"]
[BlackElo "2079"]
[BlackRD "61"]
[GameID "145808"]

1. e4 c5 2. Nf3 Nc6 3. d4 cxd4 4. Nxd4 g6 5. Nc3 Bg7 6. Be3 Nf6 7. Qd2 O-O 8. O-O-O Ng4 9. Nxc6 bxc6 10. Bd4 Bxd4
11. Qxd4 e5 12. Qd2 Qb6 13. f4 Nf2 14. f5 Rb8 15. f6 Qxb2#
0-1

[Event "Accelerated dragon assault!"]
[Site "SchemingMind.com"]
[Date "2008.03.18"]
[Round "-"]
[White "Dr_Pat"]
[Black "dcon"]
[Result "0-1"]
[WhiteCountry "USA"]
[BlackCountry "RSA"]
[WhiteElo "1929"]
[WhiteRD "48"]
[BlackElo "2146"]
[BlackRD "63"]
[GameID "145809"]

1. e4 c5 2. Nf3 Nc6 3. d4 cxd4 4. Nxd4 g6 5. Nc3 Bg7 6. Be3 Nf6 7. Nxc6 bxc6 8. Bc4 O-O 9. e5 Nd5 10. Nxd5 cxd5
11. Qxd5 Rb8 12. O-O Qc7 13. f4 d6 14. Bb3 Be6 15. exd6 exd6 16. Qf3 Bxb2 17. Rab1 Bc3 18. Bxe6 fxe6 19. Qe4 Qd7 20. Qc4 Rbc8
21. Qd3 Rc7 22. Rb3 Rfc8
0-1

[Event "Accelerated dragon assault!"]
[Site "SchemingMind.com"]
[Date "2008.03.17"]
[Round "-"]
[White "BlueMooner"]
[Black "dcon"]
[Result "0-1"]
[WhiteCountry "ENG"]
[BlackCountry "RSA"]
[WhiteElo "1856"]
[WhiteRD "77"]
[BlackElo "2234"]
[BlackRD "63"]
[GameID "145810"]

1. e4 c5 2. Nf3 Nc6 3. d4 cxd4 4. Nxd4 g6 5. c4 Bg7 6. Be3 Nf6 7. Nc3 O-O 8. Be2 b6 9. O-O Bb7 10. f3 d6
11. Qd2 Rc8 12. Rac1 Ne5 13. b3 a6 14. f4 Nc6 15. Nf3 Ng4 16. Nd5 Nxe3 17. Qxe3 Rb8 18. Nxb6 Nb4 19. Nd5 Nxa2 20. Rc2 Bxd5
21. exd5 Nb4 22. Rcc1 Re8 23. Kh1 e6 24. Qd2 exd5 25. cxd5 Nxd5 26. Bxa6 Nf6 27. Bc4 d5 28. Bd3 Rxb3 29. Ne5 Qb6 30. Qc2 Rb2
31. Qc7 Qxc7 32. Rxc7 Rd2 33. Bc2 Ne4 34. Bb3 Bxe5 35. fxe5 Rxe5 36. Rcxf7 Nf2+ 37. Kg1 Kxf7 38. Rxf2+ Rxf2 39. Kxf2 Kf6
0-1

[Event "Accelerated dragon assault!"]
[Site "SchemingMind.com"]
[Date "2008.03.13"]
[Round "-"]
[White "1tamad"]
[Black "dcon"]
[Result "0-1"]
[WhiteCountry "USA"]
[BlackCountry "RSA"]
[WhiteElo "1749"]
[WhiteRD "66"]
[BlackElo "2146"]
[BlackRD "63"]
[GameID "145811"]

1. e4 c5 2. Nf3 Nc6 3. d4 cxd4 4. Nxd4 g6 5. Nc3 Bg7 6. Nxc6 dxc6 7. Qxd8+ Kxd8 8. Bc4 Bxc3+ 9. bxc3 f6 10. O-O Kc7
11. Ba3 b5 12. Bb3 a5 13. Bxg8 Rxg8 14. Bxe7 f5 15. e5 Kb6 16. c4 Be6 17. cxb5 cxb5 18. Rfc1 Rgc8 19. a3 Rc3 20. Rab1 Rac8
21. Rb2 b4 22. axb4 a4 23. Bc5+ Kb5 24. Bd4 R3c4 25. Bc5 a3 26. Rbb1 Ra8 27. g3 a2 28. Ra1 Re4 29. Bd6 Ra3 30. Kf1 Rc3
31. h4 Bc4+ 32. Kg2 f4 33. g4 Re2 34. h5 Rg3+
0-1

[Event "Accelerated dragon assault!"]
[Site "SchemingMind.com"]
[Date "2008.03.13"]
[Round "-"]
[White "Clive Everill"]
[Black "dcon"]
[Result "0-1"]
[WhiteCountry "CZE"]
[BlackCountry "RSA"]
[WhiteElo "1680"]
[WhiteRD "52"]
[BlackElo "2079"]
[BlackRD "61"]
[GameID "145812"]

1. e4 c5 2. Nf3 Nc6 3. d4 cxd4 4. Nxd4 g6 5. Nc3 Bg7 6. Be3 Nf6 7. Bc4 O-O 8. O-O Nxe4 9. Nxe4 d5 10. Nxc6 bxc6
11. Bd3 dxe4 12. Bxe4 Rb8 13. Bxa7 Rxb2 14. Bxc6 Qc7 15. Bd4 Rd8 16. Bf3 Bxd4 17. Qe1 Rxc2 18. Rd1 Ba6 19. Rd2 Bxf1 20. Rxc2 Qxc2
21. Kxf1 Qxa2 22. g3 Rb8 23. Kg2 Rb2 24. Qxe7 Rxf2+ 25. Kh3 Rxh2+ 26. Kg4 f5+ 27. Kf4 Qd2+
0-1

[Event "Accelerated dragon assault!"]
[Site "SchemingMind.com"]
[Date "2008.03.13"]
[Round "-"]
[White "lemmie"]
[Black "dcon"]
[Result "1-0"]
[WhiteCountry "NED"]
[BlackCountry "RSA"]
[WhiteElo "1768"]
[WhiteRD "55"]
[BlackElo "2079"]
[BlackRD "61"]
[GameID "145813"]

1. e4 c5 2. Nf3 Nc6 3. d4 cxd4 4. Nxd4 g6 5. Nc3 Bg7 6. Be3 Nf6 7. Nxc6 bxc6 8. e5 Ng4 9. Qxg4 Bxe5 10. Qe4 Qc7
11. Bd4 Bxd4 12. Qxd4 O-O 13. Bd3 Rb8 14. Rb1 e5 15. Qc5 d6 16. Qa3 f5 17. O-O f4 18. f3 Bf5 19. Ne4 d5 20. Nc5 Rfe8
21. Rfe1 Re7 22. b4 Rbe8 23. Rbd1 Bxd3 24. Qxd3 Qb6 25. a3 a5 26. Rb1 axb4 27. axb4 Rd8 28. c4 Qb8 29. Qc3 Qd6 30. Re2 h6
31. Rbe1 d4 32. Qd2 Kg7 33. Re4 Rde8 34. R1e2 h5 35. Nd3 g5 36. Qe1 Kf6 37. c5 Qc7 38. h4 g4 39. fxg4 hxg4 40. Nxe5 Rxe5
41. Rxf4+
1-0

[Event "Accelerated dragon assault!"]
[Site "SchemingMind.com"]
[Date "2008.03.13"]
[Round "-"]
[White "TRFz"]
[Black "dcon"]
[Result "1-0"]
[WhiteCountry "GBR"]
[BlackCountry "RSA"]
[WhiteElo "2049"]
[WhiteRD "54"]
[BlackElo "2079"]
[BlackRD "61"]
[GameID "145814"]

1. e4 c5 2. Nf3 Nc6 3. d4 cxd4 4. Nxd4 g6 5. Nc3 Bg7 6. Be3 Nf6 7. Bc4 O-O 8. Bb3 Na5 9. e5 Nxb3 10. exf6 Nxa1
11. fxg7 Kxg7 12. Qxa1 e5 13. Nf3 d5 14. Qc1 Re8 15. O-O Kg8 16. Rd1 d4 17. Ne4 f6 18. c3 Bf5 19. Ng3 Bg4 20. cxd4 e4
21. h3 Rc8 22. Qd2 Bxf3 23. gxf3 exf3 24. d5 Qd7 25. d6 Re5 26. Kh2 Rc4 27. Bf4 Re6 28. Qd5 Rxf4 29. Qxe6+ Qxe6 30. d7 Kg7
31. d8=Q Kh6 32. Rd6
1-0

[Event "Accelerated dragon assault!"]
[Site "SchemingMind.com"]
[Date "2008.03.13"]
[Round "-"]
[White "SLAINTIE MHATH"]
[Black "dcon"]
[Result "0-1"]
[WhiteCountry "POL"]
[BlackCountry "RSA"]
[WhiteElo "1591"]
[WhiteRD "45"]
[BlackElo "2079"]
[BlackRD "61"]
[GameID "145815"]

1. e4 c5 2. Nf3 Nc6 3. d4 cxd4 4. Nxd4 g6 5. Bb5 Bg7 6. Nxc6 bxc6 7. Bd3 Nf6 8. Bg5 Qb6 9. Qc1 Ng4 10. O-O Bxb2
11. Qf4 d6 12. h3 h6 13. Bc4 Ne5 14. Bxe7 Kxe7 15. Nd2 Bxa1 16. Rxa1 Qd4 17. Rd1 Nxc4 18. Nxc4 Qxd1+ 19. Kh2 Ba6 20. Ne3 Qa1
21. c4 Qxa2 22. e5 Rad8 23. Qf6+ Kd7 24. Qxf7+ Kc8 25. Qxg6 Qxf2 26. Qe6+ Kb8 27. exd6 Qf4+ 28. Kh1 Qxd6 29. Qf7 Rde8 30. Qg7 Rhf8
0-1

[Event "Accelerated dragon assault!"]
[Site "SchemingMind.com"]
[Date "2008.03.12"]
[Round "-"]
[White "Jimsin"]
[Black "dcon"]
[Result "0-1"]
[WhiteCountry "GBR"]
[BlackCountry "RSA"]
[WhiteElo "1545"]
[WhiteRD "149"]
[BlackElo "2082"]
[BlackRD "63"]
[GameID "145816"]

1. e4 c5 2. Nf3 Nc6 3. d4 cxd4 4. Nxd4 g6 5. Nc3 Bg7 6. Be3 Nf6 7. Bc4 O-O 8. Nd5 Nxd5 9. exd5 Ne5 10. b3 Nxc4
11. bxc4 f5 12. f4 e5 13. fxe5 Bxe5 14. Qd2 Qc7 15. g3 Qxc4 16. c3 b6 17. Rc1 Bb7 18. Bh6 Rfe8 19. Kf2 Bxd5 20. Rhd1 Bb7
21. Nf3 d6 22. Nxe5 Rxe5 23. Qxd6 Qe2+
0-1